Visualizzazione normale
Vista MARC
- Uría Ríu, Juan,
di Personal Name
Records bibliografici associati: 4
001 - CONTROL NUMBER
- control field: 22501
003 - CONTROL NUMBER IDENTIFIER
- control field: IT-RoINE
005 - DATE AND TIME OF LATEST TRANSACTION
- control field: 20160128095100.0
008 - FIXED-LENGTH DATA ELEMENTS
- fixed length control field: 160128|| aca||aabn | a|a d
040 ## - CATALOGING SOURCE
- Original cataloging agency: IT-RoINE
- Transcribing agency: IT-RoINE
100 ## - HEADING--PERSONAL NAME
- Personal name: Uría Ríu, Juan,
- Dates associated with a name: 1891-1979
670 ## - SOURCE DATA FOUND
- Source citation: Work cat.: (IT-RoINE)0: Uría Ríu, Juan, 1891-1979, Estudios de historia de Asturias /, 1989.